Datum a čas kvízu
24.5
Celkem bodů
Celkový počet nahraných bodů na tomto kvízu bez doplňovacích otázek.
8.
Pořadí na kvízu
Konečné umístění týmu na tomto kvízu.
Zaznamenané odpovědi
| # | Otázka | Odpověď | Body | Výsledky |
|---|---|---|---|---|
| 1. | V pražské zoo se samici jménem... | B) vombat | 1 | |
| 2. | V jihoitalské Apulii se konal... | papeže | 0 | |
| 3. | Na platformě Voyo byl minulý t... | Mozaika | 0 | |
| 4. | V Ostravě se minulý týden kona... | jezdí na baterky (akumulátory) | 0 | |
| 5. | Zastupitelé nejmenovaného měst... | Havířov, David Pastrňák | 0 | |
| 6. | Téma začneme u Arnolda Schwarz... | Olympia, Universe | 0.5 | |
| 7. | George Weah byl v letech 2018... | AC Milán | 0 | |
| 8. | Mezi poslanci Parlamentu ČR se... | Pavel Ploc, Jakub Janda | 0.5 | |
| 9. | Také hokejisty to táhne po kon... | mistrovství světa, olympijské hry, Stanley Cup | 1 | |
| 10. | Pavel Bém je bývalým pražským... | Koruna planety (též Koruna zeměkoule, Koruna světa) | 0 |